000
00362nam a2200145Ia 4500
008
230314s9999 xx 000 0 und d
041
_a
eng
082
_a
A/612/SEM/B03178
100
_a
Sembulingam K
_9
177607
245
_a
Viva Voce in Physiology
260
_b
Jaypee Brothers
_a
New Delhi
_c
2003
300
_a
338p
906
_b
BSC
999
_c
137964
_d
137964